| 000 | 01300nam a2200373 i 4500 | ||
|---|---|---|---|
| 001 | AET2508BB | ||
| 003 | EG-ScBUE | ||
| 005 | 20260405101936.0 | ||
| 008 | 930617t2014 nyu f b 000 0 eng d | ||
| 020 | _a9780143107521 | ||
| 035 | _a(OCoLC)ocm28423776 | ||
| 040 |
_aDLC _beng _erda _cDLC _dEG-ScBUE |
||
| 041 | 1 |
_aeng _hfre |
|
| 082 | 0 | 4 |
_a194 _222 _bBAC |
| 100 | 1 |
_aBachelard, Gaston, _d1884-1962, _eauthor. |
|
| 240 | 1 | 0 |
_aPoétique de l'espace. _lEnglish _s(Jolas) |
| 245 | 1 | 4 |
_aThe poetics of space / _cGaston Bachelard ; translated by Maria Jolas ; foreword by Mark Z. Danielewski ; introduction by Richard Kearney. |
| 264 | 1 |
_aNew York : _bPenguin Books, _c[2014] |
|
| 264 | 4 | _cc2014 | |
| 300 |
_axxvii, 268 pages ; _c21 cm |
||
| 336 |
_2rdacontent _atext _btxt |
||
| 337 |
_2rdamedia _aunmediated _bn |
||
| 338 |
_2rdacarrier _avolume _bnc |
||
| 504 | _aIncludes bibliographical references. | ||
| 546 | _aText in English ; translated from the original French language. | ||
| 650 | 7 |
_aSpace and time. _2BUEsh |
|
| 650 | 7 |
_aImagination. _2BUEsh |
|
| 650 | 7 |
_aPoetry. _2BUEsh |
|
| 655 | _vReading book | ||
| 700 | 1 |
_aJolas, M., _etranslator. |
|
| 700 | 1 |
_aDanielewski, Mark Z., _ewriter of foreword. |
|
| 700 | 1 |
_aKearney, Richard, _ewriter of introduction, etc. |
|
| 942 |
_2ddc _cBB |
||
| 999 |
_c31154 _d31125 |
||